| 000 | 00949cam a2200277 a 4500 | ||
|---|---|---|---|
| 001 | 000020115 | ||
| 005 | 20200929170255.0 | ||
| 008 | 700702s2000 dr 000 f spa d | ||
| 020 | _a8481302015 | ||
| 040 |
_aDO-SdBNP _bspa _dBNPHU |
||
| 082 |
_a823.91 _bB955n |
||
| 100 | 1 |
_aBurgess, Anthony, _d1917-1993 _942713 |
|
| 240 | 1 | 0 |
_aA clockwork orange. _lEspañol |
| 245 | 1 | 3 |
_aLa naranja mecánica / _cAnthony Burgess ; traducción de Aníbal Leal y Ana Quijada. |
| 260 |
_aSanto Domingo : _bEl Siglo, _c2000. |
||
| 300 |
_a157 p. ; _c21 cm. |
||
| 490 | 1 |
_aJoyas del milenio _v9 |
|
| 534 |
_aTítulo original: A clockwork orange _cBarcelona : Bibliotex, 2000. |
||
| 590 | _aInventariado, 2018/ YL | ||
| 650 | 4 |
_aNovela inglesa _91071 |
|
| 650 | 4 |
_aLiteratura inglesa _9498 |
|
| 700 | 1 |
_aLeal, Aníbal, _etr. _94573 |
|
| 700 | 1 |
_aQuijada, Ana, _etr. _942714 |
|
| 830 | 0 |
_aJoyas del milenio; _n9 _942715 |
|
| 910 | _aValidado. Control de calidad MFF | ||
| 999 |
_c19623 _d19623 |
||